[Event "Moscow-chT U26 final"]
[Site "Moscow"]
[Date "2010.11.19"]
[Round "5"]
[White "Kislov, Oleg"]
[Black "Shitov, Yaroslav"]
[Result "1-0"]
[WhiteElo "2252"]
[BlackElo "2097"]
[PlyCount "107"]
[EventDate "2010.11.07"]
[EventType "team-tourn"]
[EventRounds "9"]
[EventCountry "RUS"]
[SourceTitle "EXT 2012"]
[Source "ChessBase"]
[SourceDate "2011.11.24"]
[SourceVersion "1"]
[SourceVersionDate "2011.11.24"]
[SourceQuality "1"]

1. e4 e5 2. Nf3 Nf6 3. Nxe5 d6 4. Nf3 Nxe4 5. d4 d5 6. Be2 Bd6 7. 0-0 0-0 8. c4 c6 9. Nc3 Nxc3 10. bxc3 dxc4 11. Bxc4 Bg4 12. h3 Bh5 13. g4 Bg6 14. Ne5 Nd7 15. Nxg6 hxg6 16. f4 Nb6 17. Bb3 Qh4 18. Qf3 Rae8 19. Bd2 Nd5 20. Bxd5 cxd5 21. Rab1 Re4 22. Rxb7 Rfe8 23. Rf2 Qd8 24. f5 Qh4 25. fxg6 f6 26. Kg2 f5 27. gxf5 Be7 28. Bf4 Bg5 29. Bg3 Qh6 30. Rfb2 Bc1 31. Rb8 Bxb2 32. Rxb2 Qc1 33. Rf2 Qg5 34. Kh2 Kh8 35. Be5 Re3 36. Rg2 Qh6 37. Qg4 Re4 38. Qf3 Re3 39. Qg4 Re4 40. Qg5 Qxg5 41. Rxg5 Re2+ 42. Kg3 Rc8 43. Rh5+ Kg8 44. Rh7 Rxc3+ 45. Kh4 Ree3 46. Rxg7+ Kf8 47. Rf7+ Kg8 48. Rxa7 Ra3 49. Rxa3 Rxa3 50. f6 Ra6 51. Kg5 Rc6 52. h4 Re6 53. h5 Kh8 54. f7+ 1-0

[Event "Kostroma Volga Cup op"]
[Site "Kostroma"]
[Date "2009.07.??"]
[Round "6"]
[White "Smirnov, Roman"]
[Black "Shitov, Yaroslav"]
[Result "1-0"]
[WhiteElo "2031"]
[BlackElo "2127"]
[PlyCount "69"]
[EventDate "2009.07.03"]
[EventType "swiss"]
[EventRounds "9"]
[EventCountry "RUS"]
[SourceTitle "EXT 2021"]
[Source "ChessBase"]
[SourceDate "2020.10.23"]
[SourceVersion "1"]
[SourceVersionDate "2020.10.23"]
[SourceQuality "1"]

1. e4 e5 2. f4 d5 3. exd5 exf4 4. d4 Qh4+ 5. Kd2 Nf6 6. Bb5+ c6 7. Qe2+ Kd8 8. Nf3 Qh5 9. dxc6 Nxc6 10. Bxc6 bxc6 11. Ne5 Bg4 12. Nxg4 Qxg4 13. Qxg4 Nxg4 14. Ke2 Bd6 15. Kf3 h5 16. Bxf4 Bxf4 17. Kxf4 Re8 18. Nc3 Ne3 19. Kf3 Nxc2 20. Rad1 Kc7 21. Rd2 Ne3 22. d5 Nc4 23. Rc2 Ne5+ 24. Kg3 Rad8 25. Re1 g5 26. d6+ Kb8 27. Ne4 g4 28. Ree2 Ng6 29. Nf6 Rxe2 30. Rxe2 Rxd6 31. Nxh5 Rd4 32. Nf6 Kc7 33. Nxg4 Kd6 34. Nh6 f6 35. Nf5+ 1-0

[Event "Moscow op-B"]
[Site "Moscow"]
[Date "2009.02.05"]
[Round "6"]
[White "Rossinskaja, Ljudmila"]
[Black "Shitov, Yaroslav"]
[Result "0-1"]
[WhiteElo "1938"]
[BlackElo "2137"]
[PlyCount "100"]
[EventDate "2009.01.31"]
[EventType "swiss"]
[EventRounds "9"]
[EventCountry "RUS"]
[SourceTitle "EXT 2012"]
[Source "ChessBase"]
[SourceDate "2011.11.24"]
[SourceVersion "1"]
[SourceVersionDate "2011.11.24"]
[SourceQuality "1"]

1. e4 e5 2. Nf3 d5 3. d3 dxe4 4. dxe4 Qxd1+ 5. Kxd1 Bg4 6. Be2 Nc6 7. c3 Bc5 8. Ke1 f5 9. Bb5 Bxf3 10. Bxc6+ bxc6 11. gxf3 fxe4 12. fxe4 Nf6 13. f3 0-0 14. Rf1 Rad8 15. Bg5 Rd3 16. Nd2 Be3 17. Bxe3 Rxe3+ 18. Kf2 Ng4+ 19. Kg3 Re2 20. fxg4 Rxd2 21. Rxf8+ Kxf8 22. Rf1+ Ke7 23. Rf2 Rd1 24. Rf5 Ke6 25. Rf2 a5 26. b3 Re1 27. Kf3 Rc1 28. c4 a4 29. Re2 Kd6 30. g5 Rf1+ 31. Ke3 axb3 32. axb3 Rg1 33. b4 Rxg5 34. Kf3 Rg6 35. c5+ Ke7 36. Rb2 Rf6+ 37. Ke3 Rh6 38. Kd3 Rh3+ 39. Kc4 Re3 40. b5 Rxe4+ 41. Kd3 Rd4+ 42. Ke3 cxb5 43. Rxb5 Rh4 44. Rb7 Kd7 45. Rb8 Kc6 46. Rg8 g6 47. Re8 Kd5 48. Re7 c6 49. Rd7+ Kxc5 50. Rd2 Rd4 0-1

[Event "Moscow op-B"]
[Site "Moscow"]
[Date "2009.02.01"]
[Round "2"]
[White "Orlov, Oleg"]
[Black "Shitov, Yaroslav"]
[Result "1-0"]
[WhiteElo "2299"]
[BlackElo "2137"]
[PlyCount "27"]
[EventDate "2009.01.31"]
[EventType "swiss"]
[EventRounds "9"]
[EventCountry "RUS"]
[SourceTitle "EXT 2012"]
[Source "ChessBase"]
[SourceDate "2011.11.24"]
[SourceVersion "1"]
[SourceVersionDate "2011.11.24"]
[SourceQuality "1"]

1. Nf3 d5 2. c4 c6 3. g3 Nf6 4. Bg2 g6 5. b3 Bg7 6. Bb2 Qb6 7. Qc1 dxc4 8. Qxc4 Be6 9. Qc3 Ne4 10. Qxg7 Qxf2+ 11. Kd1 f6 12. Qxh8+ Kd7 13. Ne5+ fxe5 14. Bxe4 1-0

[Event "Kostroma Volga Cup op"]
[Site "Kostroma"]
[Date "2008.07.??"]
[Round "7"]
[White "Belikov, Yury"]
[Black "Shitov, Yaroslav"]
[Result "1-0"]
[WhiteElo "2290"]
[BlackElo "2130"]
[PlyCount "81"]
[EventDate "2008.07.??"]
[EventType "swiss"]
[EventRounds "9"]
[EventCountry "RUS"]
[SourceTitle "EXT 2009"]
[Source "ChessBase"]
[SourceDate "2008.11.26"]
[SourceVersion "1"]
[SourceVersionDate "2008.11.26"]
[SourceQuality "1"]

1. Nf3 d5 2. g3 c6 3. Bg2 Nf6 4. 0-0 Bf5 5. d3 e6 6. Nbd2 Be7 7. c4 0-0 8. Rb1 Nbd7 9. b4 a6 10. a4 h6 11. b5 axb5 12. axb5 c5 13. Qb3 Bh7 14. Bb2 Nb6 15. Ra1 Qc7 16. Bc3 dxc4 17. Nxc4 Nxc4 18. Qxc4 Nd5 19. Bb2 Rfd8 20. Nd2 Bf6 21. Bxf6 Nxf6 22. Nb3 Nd7 23. d4 Rxa1 24. Rxa1 Rc8 25. dxc5 Bf5 26. Rc1 e5 27. Bd5 Nf6 28. e4 Bh3 29. Qd3 Qd7 30. c6 bxc6 31. bxc6 Qg4 32. f3 Qg5 33. Qd2 Qh5 34. Qe3 Qg6 35. Nc5 Nh5 36. Kf2 Rxc6 37. Bxc6 Qxc6 38. Qb3 Qf6 39. Qd3 g5 40. Kg1 Ng7 41. Rb1 1-0

[Event "Kostroma Volga Cup op"]
[Site "Kostroma"]
[Date "2008.07.??"]
[Round "3"]
[White "Isaev, Evgeniy Yu"]
[Black "Shitov, Yaroslav"]
[Result "0-1"]
[WhiteElo "2247"]
[BlackElo "2130"]
[PlyCount "64"]
[EventDate "2008.07.??"]
[EventType "swiss"]
[EventRounds "9"]
[EventCountry "RUS"]
[SourceTitle "EXT 2009"]
[Source "ChessBase"]
[SourceDate "2008.11.26"]
[SourceVersion "1"]
[SourceVersionDate "2008.11.26"]
[SourceQuality "1"]

1. d4 d5 2. c4 c6 3. Nf3 e6 4. Nc3 dxc4 5. a4 Bb4 6. e3 b5 7. Bd2 Bb7 8. axb5 Bxc3 9. Bxc3 cxb5 10. b3 a5 11. d5 Nf6 12. dxe6 Qxd1+ 13. Rxd1 fxe6 14. Bxf6 gxf6 15. Nd4 Ke7 16. Nxb5 cxb3 17. Nc7 Nc6 18. Nxa8 Rxa8 19. Bc4 a4 20. Kd2 Ne5 21. Bb5 Bxg2 22. Rhg1 Nf3+ 23. Kc3 Nxg1 24. Rxg1 Bd5 25. e4 Bxe4 26. Ra1 Bd5 27. Bxa4 Bc6 28. Kxb3 Rxa4 29. Rxa4 Bxa4+ 30. Kxa4 Kd6 31. Kb4 Ke5 32. Kc3 Ke4 0-1

[Event "Kostroma Volga Cup op"]
[Site "Kostroma"]
[Date "2008.07.??"]
[Round "9"]
[White "Shitov, Yaroslav"]
[Black "Karlson, Vladilen"]
[Result "0-1"]
[WhiteElo "2130"]
[BlackElo "2227"]
[PlyCount "33"]
[EventDate "2008.07.??"]
[EventType "swiss"]
[EventRounds "9"]
[EventCountry "RUS"]
[SourceTitle "EXT 2009"]
[Source "ChessBase"]
[SourceDate "2008.11.26"]
[SourceVersion "1"]
[SourceVersionDate "2008.11.26"]
[SourceQuality "1"]

1. e4 c5 2. c3 Nf6 3. e5 Nd5 4. d4 cxd4 5. cxd4 d6 6. Nf3 e6 7. Bc4 Nb6 8. Bb3 dxe5 9. dxe5 Qxd1+ 10. Bxd1 Nc6 11. 0-0 Nd7 12. Ba4 Nc5 13. Bxc6+ bxc6 14. Be3 Nd3 15. b3 Ba6 16. Nbd2 Bb5 17. Nc4 0-1

[Event "Moscow op-B 04th"]
[Site "Moscow"]
[Date "2008.02.05"]
[Round "4"]
[White "Romashko, Andrei"]
[Black "Shitov, Yaroslav"]
[Result "0-1"]
[WhiteElo "2278"]
[BlackElo "2124"]
[PlyCount "106"]
[EventDate "2008.02.02"]
[EventType "swiss"]
[EventRounds "9"]
[EventCountry "RUS"]
[SourceTitle "CBM 122 Extra"]
[Source "ChessBase"]
[SourceDate "2008.03.04"]
[SourceVersion "1"]
[SourceVersionDate "2008.03.04"]
[SourceQuality "1"]

1. e4 e5 2. Nf3 Nf6 3. Nxe5 d6 4. Nf3 Nxe4 5. Nc3 Nxc3 6. dxc3 Nc6 7. Bf4 Be6 8. Bb5 a6 9. Bd3 d5 10. 0-0 Bd6 11. Qd2 h6 12. Rfe1 Qd7 13. Bf5 0-0-0 14. Bxe6 fxe6 15. Ne5 Nxe5 16. Bxe5 Rhf8 17. Qd4 Bxe5 18. Rxe5 Rf6 19. Rae1 Re8 20. h3 Qb5 21. b3 Qc6 22. R1e3 Ref8 23. Re2 R8f7 24. Rd2 Qb6 25. f3 Qxd4+ 26. Rxd4 Kd7 27. c4 c6 28. cxd5 exd5 29. c4 Kd6 30. Re8 Kc5 31. Rg4 dxc4 32. Rxc4+ Kd5 33. Kf2 Re6 34. Rd8+ Rd6 35. Rg8 b5 36. Re4 c5 37. Ke3 Rg6 38. g4 Rd7 39. Rc8 Rc6 40. Re5+ Kxe5 41. Rxc6 Kd5 42. Rxa6 Re7+ 43. Kf2 c4 44. bxc4+ bxc4 45. Ra8 c3 46. Rc8 Kd4 47. h4 Kd3 48. g5 hxg5 49. hxg5 c2 50. a4 Kd2 51. Rd8+ Kc1 52. f4 Rc7 53. Rh8 Kb1 0-1